| 000 | 00763nam a22002057a 4500 | ||
|---|---|---|---|
| 999 |
_c6872 _d6872 |
||
| 003 | AR-CdUCM | ||
| 008 | 190319b ||||| |||| 00| 0 spa d | ||
| 040 |
_aMUNICIPALIDAD PROVINCIAL DEL CUSCO _cBIBLIOTECA MUNICIPAL DEL CUSCO |
||
| 082 |
_a869.5 / _bSI586 |
||
| 100 |
_aSilva Tuesta, Max _919366 |
||
| 245 | _aConversaciones con seguin / | ||
| 260 |
_aLima : _bMosca azul, _c1979. |
||
| 300 |
_a202 paginas ; _c21 cm. |
||
| 505 | _aContenido : De la intimidad y sus elevados muros -- La vida -- El eros psicoterapéutico -- Filiación del eros psicoterapéutico -- A cada cual lo suyo ... | ||
| 650 |
_aLiteratura peruana _9169 |
||
| 650 |
_aLiteratura Latinoamericana _9799 |
||
| 650 |
_aLiteratura universal _9611 |
||
| 942 |
_2ddc _cLIBROS |
||
| 945 | _arah | ||